| 000 | 00572nam a2200181Ia 4500 | ||
|---|---|---|---|
| 008 | 151018s9999 xx 000 0 und d | ||
| 082 |
_bRBASDV26214 _a891.463 |
||
| 100 | _aगो. ना. दातार | ||
| 245 | _aविलासमंदीर | ||
| 250 | _b4 | ||
| 260 |
_bश्रीराम प्रकाशन पुणे _c1992 |
||
| 300 | _a480 | ||
| 600 | _aगो. ना. दातार | ||
| 630 | _aविलासमंदीर | ||
| 700 | _aगो. ना. दातार | ||
| 730 | _aविलासमंदीर | ||
| 942 | _cBOOK | ||
| 999 |
_c1025822 _d1025819 |
||